[Event "Challenge"]
[Site "http://www.queenalice.com/game.php?id=1864957"]
[Date "2025.10.30"]
[Round "-"]
[White "Copelipon"]
[Black "Charles56"]
[Result "1-0"]
[WhiteElo "1885"]
[BlackElo "1662"]

1. c3 e5 2. g3 d5 3. Bg2 Nc6 4. e3 e4 5. f3 exf3 6. Nxf3 Bf5 7. O-O h6 8. d3 Bd6
9. Nh4 Be6 10. b4 a6 11. Bb2 g5 12. c4 dxc4 13. Bxh8 gxh4 14. a3 hxg3 15. hxg3
Bxg3 16. Qh5 1-0

[Event "Let's Play Chess!"]
[Site "http://www.queenalice.com/game.php?id=1864994"]
[Date "2025.11.8"]
[Round "-"]
[White "Charles56"]
[Black "alow_proton"]
[Result "0-1"]
[WhiteElo "1696"]
[BlackElo "1973"]

1. d4 d5 2. Nc3 Nf6 3. h3 e6 4. Bg5 Be7 5. e3 h6 6. Bh4 O-O 7. f4 Ne8 8. Bxe7
Qxe7 9. Qf3 c5 10. dxc5 Qxc5 11. Bd3 Nd6 12. g4 Qb4 13. O-O-O Nc4 14. Bxc4 Qxc4
15. Rd4 Qc5 16. Nge2 Bd7 17. f5 Nc6 18. f6 Nxd4 19. exd4 Qc4 20. fxg7 Kxg7 21.
Nf4 f6 22. Nh5+ Kg6 23. Nf4+ Kh7 24. h4 Qxd4 25. Rd1 Qb4 26. Nd3 Qd6 27. Nf4 b5
28. Nh5 Qe7 29. Re1 Qf7 30. Ng3 b4 31. Nd1 a5 32. h5 a4 33. Re3 Rac8 34. c3 a3
35. bxa3 bxc3 36. Rxc3 Rxc3+ 37. Nxc3 Rc8 38. Kd2 Bc6 39. Qd3+ Kg7 40. Nge2 Rd8
0-1

[Event "Let's Play Chess!"]
[Site "http://www.queenalice.com/game.php?id=1864995"]
[Date "2025.11.3"]
[Round "-"]
[White "josebaron"]
[Black "Charles56"]
[Result "1/2-1/2"]
[WhiteElo "2183"]
[BlackElo "1719"]

1. e4 e5 2. Nf3 d6 3. d4 exd4 4. Nxd4 a6 5. Bd3 h6 6. O-O Bd7 7. Re1 Nc6 8. Nxc6
Bxc6 9. Nd2 Qd7 10. Nf3 O-O-O 11. b3 g5 12. Nd4 Ne7 13. Nxc6 Qxc6 14. Bb2 Ng6
15. Bxh8 Nxh8 16. Qg4+ Kb8 17. a4 Bg7 18. Rab1 Ng6 19. Qf5 1/2-1/2

[Event "Let's Play Chess!"]
[Site "http://www.queenalice.com/game.php?id=1864996"]
[Date "2025.11.8"]
[Round "-"]
[White "alow_proton"]
[Black "Charles56"]
[Result "1-0"]
[WhiteElo "1717"]
[BlackElo "1737"]

1. e4 e5 2. f4 exf4 3. Nf3 g5 4. h3 Bc5 5. d4 Bb4+ 6. c3 Ba5 7. Bc4 Bb6 8. b4 a6
9. O-O d6 10. e5 Nc6 11. exd6 cxd6 12. Re1+ Nce7 13. Nxg5 d5 14. Bb3 h6 15. Qh5
1-0

[Event "Let's Play Chess!"]
[Site "http://www.queenalice.com/game.php?id=1864997"]
[Date "2025.11.2"]
[Round "-"]
[White "Charles56"]
[Black "Capixaba789"]
[Result "0-1"]
[WhiteElo "1780"]
[BlackElo "1912"]

1. Nc3 d5 2. d4 Nf6 3. h3 e6 4. a3 Be7 5. Nf3 c5 6. dxc5 Bxc5 7. Bg5 O-O 8. e3
Nc6 9. Bb5 e5 10. Bxc6 bxc6 11. Nxe5 Bb7 12. h4 a5 13. Na4 Ba7 14. Qd2 Re8 15.
Nf3 Qd6 16. O-O-O Ng4 17. Nh2 Nxh2 18. f3 Nxf3 19. gxf3 Rad8 20. Bxd8 Bxe3 0-1

[Event "Let's Play Chess!"]
[Site "http://www.queenalice.com/game.php?id=1864998"]
[Date "2025.11.2"]
[Round "-"]
[White "Capixaba789"]
[Black "Charles56"]
[Result "1/2-1/2"]
[WhiteElo "1859"]
[BlackElo "1715"]

1. d4 d5 2. Nc3 a6 3. f4 Nf6 4. Nf3 Bg4 5. Qd3 h6 6. Be3 e6 7. O-O-O Bf5 8. Qd2
Bb4 9. Qe1 Ne4 10. Bd2 Qe7 11. e3 a5 12. Ne5 c5 13. Bb5+ Kf8 14. a4 cxd4 15.
exd4 f6 16. Nf3 g5 17. fxg5 hxg5 18. h3 Qc7 19. Rg1 Nc6 20. Nxe4 Kf7 21. Bxb4
Nxb4 22. Nc3 Nxc2 23. Qe2 Na1 24. Rdf1 Nb3+ 25. Kd1 g4 26. Ne1 gxh3 27. gxh3
Nxd4 28. Qf2 Nxb5 29. Nxb5 Qc6 30. Qf4 Rxh3 31. Qc7+ Qxc7 32. Nxc7 Rc8 33. Nxd5
exd5 34. Rxf5 Rd8 35. Nf3 1/2-1/2

[Event "Let's Play Chess!"]
[Site "http://www.queenalice.com/game.php?id=1865563"]
[Date "2025.11.14"]
[Round "-"]
[White "Charles56"]
[Black "alow_proton"]
[Result "0-1"]
[WhiteElo "1713"]
[BlackElo "1958"]

1. e4 c5 2. Nc3 Nc6 3. Nf3 d6 4. h3 Nf6 5. Bb5 Qc7 6. d3 Bd7 7. a3 a6 8. Bc4 e6
9. Bg5 Be7 10. Qd2 b5 11. Ba2 O-O 12. g4 Nd4 13. Nxd4 cxd4 14. Ne2 e5 15. Ng3 h6
16. Bh4 g5 17. Bxg5 hxg5 18. f3 Nh7 19. Nf5 Bxf5 20. gxf5 Kg7 21. h4 Rh8 22.
hxg5 Bxg5 23. Qg2 Kf6 24. Bb3 Rag8 25. Qf2 Nf8 26. Rxh8 Rxh8 27. Ke2 Qd8 28. Rg1
Nh7 29. Qg3 Qg8 30. c3 dxc3 31. bxc3 Qg7 32. d4 Bh6 33. dxe5+ dxe5 34. Qh4+ Bg5
35. Qg3 Rg8 36. Qf2 Rb8 37. Qc5 Qf8 38. Qc6+ Kg7 0-1

[Event "Let's Play Chess!"]
[Site "http://www.queenalice.com/game.php?id=1865564"]
[Date "2025.11.14"]
[Round "-"]
[White "alow_proton"]
[Black "Charles56"]
[Result "1-0"]
[WhiteElo "1964"]
[BlackElo "1707"]

1. e4 e5 2. Nc3 a6 3. a3 Nc6 4. d3 h6 5. Nf3 d6 6. Be2 f5 7. O-O fxe4 8. dxe4
Nf6 9. Ne1 g5 10. Bh5+ Ke7 11. Nd5+ Nxd5 12. Qxd5 Be6 13. Qd3 Kd7 14. c4 Nd4 15.
b4 c6 16. Bb2 Bg7 17. Bxd4 exd4 18. Nf3 b5 19. cxb5 axb5 20. Nxd4 Bc4 21. Bg4+
Kc7 22. Qc2 Bxd4 23. Rfd1 Be5 24. a4 Bxa1 25. Rxa1 Qe7 26. a5 Ra6 27. Qd2 Rd8
28. Bf3 c5 29. Rc1 Qe6 30. h3 Rh8 31. Qc3 cxb4 32. Qxh8 Qg6 33. Qa1 Kd7 34. Rd1
h5 35. e5 g4 36. hxg4 hxg4 37. Bb7 1-0

[Event "Let's Play Chess!"]
[Site "http://www.queenalice.com/game.php?id=1865565"]
[Date "2025.11.14"]
[Round "-"]
[White "Charles56"]
[Black "dimitridruloza2012"]
[Result "0-1"]
[WhiteElo "1637"]
[BlackElo "1765"]

1. d4 b6 2. e4 Bb7 3. d5 g6 4. Nc3 Bg7 5. Bd2 Nf6 6. f3 Nh5 7. Nh3 Ba6 8. Bxa6
Nxa6 9. a3 d6 10. g4 Nf6 11. Rg1 Nd7 12. f4 Ndc5 13. Qe2 Qd7 14. f5 Na4 15. Nxa4
Qxa4 16. b3 Qd7 17. Qxa6 Bxa1 18. c3 c6 19. Ke2 Bb2 20. fxg6 hxg6 21. Rg3 cxd5
22. exd5 Rh4 23. Qc4 Rc8 24. Qd4 f6 25. Qe4 g5 26. a4 Kd8 27. Qb4 Rc5 28. c4
Rxg4 29. Nf2 Rxg3 30. hxg3 Qf5 31. Be3 Qe5 32. Nd3 Qe4 33. Nxc5 dxc5 34. Qd2 Ba3
35. Kf2 Bb4 36. Qe2 Qf5+ 37. Kg2 Bc3 38. g4 Qe4+ 39. Kf2 Qb1 40. d6 exd6 41. Qf3
Qb2+ 42. Kg3 Be5+ 0-1

[Event "Let's Play Chess!"]
[Site "http://www.queenalice.com/game.php?id=1865566"]
[Date "2025.11.14"]
[Round "-"]
[White "dimitridruloza2012"]
[Black "Charles56"]
[Result "1-0"]
[WhiteElo "1751"]
[BlackElo "1649"]

1. g3 e5 2. Bg2 d5 3. b3 e4 4. Bb2 Nf6 5. Nc3 Bg4 6. h3 Bh5 7. g4 Bg6 8. e3 Na6
9. Nge2 h6 10. Nf4 Bh7 11. Qe2 Qd7 12. Na4 Nb4 13. d3 g5 14. Bxf6 Rg8 15. Nh5
Be7 16. Bc3 exd3 17. cxd3 Bxd3 18. Qd2 Nc2+ 19. Kd1 Bg6 20. Nc5 Qc6 21. b4 Bxc5
22. Rc1 Nxb4 23. Bxb4 Qa4+ 24. Ke2 Qb5+ 25. Kf3 Bxb4 26. Qd4 Be4+ 27. Kg3 Bd6+
28. f4 gxf4+ 29. exf4 f5 30. Bxe4 dxe4 31. Rhe1 O-O-O 32. Qxa7 fxg4 33. Nf6 Qd3+
34. Re3 Bxf4+ 35. Kh4 Bg5+ 36. Kh5 Qd6 37. Qa8# 1-0

[Event "Let's Play Chess!"]
[Site "http://www.queenalice.com/game.php?id=1865567"]
[Date "2025.11.14"]
[Round "-"]
[White "Charles56"]
[Black "Capixaba789"]
[Result "1/2-1/2"]
[WhiteElo "1686"]
[BlackElo "1848"]

1. Nc3 f5 2. d4 Nf6 3. Bg5 e6 4. h3 Be7 5. e3 O-O 6. Bc4 a5 7. a3 d5 8. Bb3 c6
9. f3 b5 10. g4 fxg4 11. hxg4 Nbd7 12. Qe2 Ba6 13. Qh2 b4 14. axb4 axb4 15. Nce2
Bc4 16. Rxa8 Qxa8 17. Bxc4 dxc4 18. Bxf6 Nxf6 19. g5 Qa1+ 20. Kf2 Ng4+ 21. Kg3
Nf6 22. gxf6 Bxf6 23. Nf4 Qe1+ 24. Qf2 Qxf2+ 25. Kxf2 Re8 26. Nge2 e5 27. dxe5
Bxe5 28. Rd1 Bxb2 29. e4 b3 30. cxb3 c3 31. Rb1 Rb8 32. Ne6 Rxb3 33. Nxc3 Rxc3
34. Rxb2 h6 35. Nd4 c5 36. Nc2 c4 37. Ne3 Rd3 38. Nxc4 Kh7 39. f4 h5 40. f5 h4
41. Kg2 Kh6 42. e5 Rd4 43. Ne3 Re4 44. Rb3 Rxe5 45. Kh3 Kh5 46. Kg2 Kg5 47. Kh3
Kh5 48. Kg2 Kg5 49. Kh3 Kh5 50. Kg2 1/2-1/2

[Event "Let's Play Chess!"]
[Site "http://www.queenalice.com/game.php?id=1865568"]
[Date "2025.11.14"]
[Round "-"]
[White "Capixaba789"]
[Black "Charles56"]
[Result "1-0"]
[WhiteElo "1776"]
[BlackElo "1743"]

1. b3 e5 2. Bb2 Nc6 3. e4 Bc5 4. Nf3 d6 5. Bc4 h6 6. O-O g5 7. d3 g4 8. d4 exd4
9. Bxf7+ Kxf7 10. Nxd4 Nxd4 11. Bxd4 Bxd4 12. Qxd4 Be6 13. Qxh8 Qg5 14. Na3 a6
15. Nc4 Rc8 16. Qh7+ Qg7 17. Qxg7+ Kxg7 18. f4 d5 19. exd5 Bxd5 20. Ne5 Nf6 21.
c4 Be6 22. g3 Rd8 23. Rad1 Rxd1 24. Rxd1 Bf5 25. Rd2 h5 26. a3 c5 27. Rd8 Bc2
28. Rb8 Ne4 29. Rxb7+ Kf6 30. Rb6+ Kf5 31. Rxa6 Bxb3 32. a4 Nd2 33. a5 Nxc4 34.
Ra8 Nd2 35. a6 Nf3+ 36. Kf2 Nxe5 37. fxe5 Kxe5 38. Rh8 1-0

[Event "Let's Play Chess!"]
[Site "http://www.queenalice.com/game.php?id=1865569"]
[Date "2025.11.14"]
[Round "-"]
[White "Charles56"]
[Black "Capixaba789"]
[Result "0-1"]
[WhiteElo "1747"]
[BlackElo "1909"]

1. Nf3 d6 2. d4 Bg4 3. h3 Bh5 4. e4 f5 5. exf5 Nf6 6. Be2 Nc6 7. Ng5 g6 8. Bxh5
gxh5 9. f3 Bh6 10. Ne6 Qd7 11. Bxh6 Nd8 12. Ng7+ Kf7 13. g4 Rg8 14. Ne6 Nxe6 15.
fxe6+ Qxe6+ 16. Qe2 Qd7 17. g5 Nd5 18. Qe3 Nxe3 0-1

[Event "Let's Play Chess!"]
[Site "http://www.queenalice.com/game.php?id=1865570"]
[Date "2025.11.14"]
[Round "-"]
[White "Capixaba789"]
[Black "Charles56"]
[Result "1-0"]
[WhiteElo "1879"]
[BlackElo "1739"]

1. d4 d5 2. Nc3 e6 3. f4 Nf6 4. Nf3 a6 5. e3 Bb4 6. Bd2 Nc6 7. Bd3 h6 8. O-O Bd7
9. Ne5 Nxe5 10. fxe5 Nh7 11. Qh5 Qe7 12. Nxd5 exd5 13. Bxb4 Qxb4 14. Qxf7+ Kd8
15. Qxg7 Ng5 16. Qxh8+ Be8 17. Rf8 Qe7 18. Bg6 Kd7 19. Bf5+ Kc6 20. Bg6 Nh3+ 21.
Kf1 Bxg6 22. Qf6+ Qxf6+ 23. Rxf6+ 1-0

[Event "Let's Play Chess!"]
[Site "http://www.queenalice.com/game.php?id=1866148"]
[Date "2025.11.25"]
[Round "-"]
[White "Charles56"]
[Black "alow_proton"]
[Result "0-1"]
[WhiteElo "1701"]
[BlackElo "1970"]

1. e4 c5 2. d4 cxd4 3. Qxd4 Nc6 4. Qd1 Nf6 5. Bd2 e5 6. Bg5 Be7 7. Nh3 Nxe4 8.
Bxe7 Qxe7 9. Bd3 Nc5 10. a3 d6 11. Nc3 O-O 12. Nd5 Qd8 13. Qh5 f5 14. g4 e4 15.
Bc4 Kh8 16. gxf5 Rxf5 17. Qe2 Na5 18. O-O-O Nxc4 19. Qxc4 Be6 20. Qd4 Rxd5 21.
Qc3 Rxd1+ 22. Rxd1 Qe7 23. Qg3 Rd8 24. Re1 Bxh3 25. Qxh3 d5 26. Qg4 d4 27. b4 d3
28. Kb1 d2 0-1

[Event "Let's Play Chess!"]
[Site "http://www.queenalice.com/game.php?id=1866149"]
[Date "2025.11.25"]
[Round "-"]
[White "Sph4444"]
[Black "Charles56"]
[Result "1-0"]
[WhiteElo "1985"]
[BlackElo "1655"]

1. e4 e5 2. Nf3 d6 3. Bc4 h6 4. O-O Be6 5. Bxe6 fxe6 6. d3 Nc6 7. a3 d5 8. Nc3
d4 9. Ne2 a6 10. b4 b5 11. Bb2 Bd6 12. c3 dxc3 13. Bxc3 Nf6 14. Qb3 Qe7 15. d4
exd4 16. Nexd4 1-0

[Event "Let's Play Chess!"]
[Site "http://www.queenalice.com/game.php?id=1866150"]
[Date "2025.11.25"]
[Round "-"]
[White "Charles56"]
[Black "Sph4444"]
[Result "0-1"]
[WhiteElo "1652"]
[BlackElo "1988"]

1. Nf3 d5 2. d4 Nf6 3. h3 e6 4. a3 Bd6 5. Bg5 h6 6. Bh4 g5 7. Bg3 Bxg3 8. fxg3
O-O 9. e3 Ne4 10. Bd3 Nxg3 11. Rh2 a5 12. Nbd2 b6 13. Nf1 Nxf1 14. Kxf1 Na6 15.
g4 c5 16. h4 f6 0-1

[Event "Let's Play Chess!"]
[Site "http://www.queenalice.com/game.php?id=1866151"]
[Date "2025.11.25"]
[Round "-"]
[White "alow_proton"]
[Black "Charles56"]
[Result "1-0"]
[WhiteElo "1978"]
[BlackElo "1691"]

1. e4 e5 2. f4 exf4 3. Nf3 h6 4. Bc4 Bb4 5. c3 Ba5 6. d4 Bb6 7. Bxf4 d6 8. b4
Nd7 9. O-O Ngf6 10. Qd3 a6 11. Kh1 Qe7 12. Nbd2 Nh5 13. Be3 Ndf6 14. Rae1 Bd7
15. e5 dxe5 16. dxe5 Nh7 17. Bxb6 cxb6 18. Qd6 Nf4 19. Qxb6 Bc6 20. Nd4 Bxg2+
21. Kg1 Bxf1 22. Rxf1 O-O 23. N4f3 Ng5 24. Qe3 Ngh3+ 25. Kh1 1-0

[Event "Let's Play Chess!"]
[Site "http://www.queenalice.com/game.php?id=1866153"]
[Date "2025.11.25"]
[Round "-"]
[White "Capixaba789"]
[Black "Charles56"]
[Result "1-0"]
[WhiteElo "1757"]
[BlackElo "1728"]

1. b3 e5 2. Bb2 Nc6 3. e4 Nf6 4. Nf3 d6 5. d3 Bg4 6. Be2 h6 7. O-O Bh5 8. Nc3 a6
9. a4 g5 10. Nd5 Nxd5 11. exd5 Ne7 12. Nxe5 Bxe2 13. Qxe2 Rg8 14. f4 dxe5 15.
Bxe5 Qd7 16. c4 Bg7 17. d4 O-O-O 18. Rad1 Bxe5 19. fxe5 Kb8 20. Rxf7 Rdf8 21. e6
Qd8 22. Rdf1 Rxf7 23. Rxf7 g4 24. Qe4 Ng6 25. c5 Ne7 26. Qh7 Ng6 27. Rxc7 Rf8
28. Rxb7+ Kc8 29. Ra7 Ne7 30. Ra8+ 1-0

[Event "Challenge"]
[Site "http://www.queenalice.com/game.php?id=1866243"]
[Date "2025.11.28"]
[Round "-"]
[White "LuizFerreira"]
[Black "Charles56"]
[Result "1-0"]
[WhiteElo "1353"]
[BlackElo "1692"]

1. d4 d5 2. Nc3 e6 3. Nf3 h6 4. g3 Bb4 5. Bd2 a6 6. a3 Ba5 7. b4 Bb6 8. Ne5 Bxd4
9. e3 Bxe5 10. Rb1 Nf6 11. Na4 b6 12. f4 Bd6 13. Qf3 Nc6 14. Bh3 1-0